[Event "POR-ch m"]
[Site "Barreiro"]
[Date "1996.??.??"]
[Round "3"]
[White "Silva, Fernando"]
[Black "Damaso, Rui"]
[Result "1-0"]
[WhiteElo "2365"]
[BlackElo "2415"]
[Annotator "Costa,L"]
[PlyCount "49"]
[EventDate "1996.??.??"]
[EventType "match"]
[EventRounds "6"]
[EventCountry "POR"]
[SourceTitle "EXT 1997"]
[Source "ChessBase"]
[SourceDate "1996.11.15"]
[SourceVersion "1"]
[SourceVersionDate "1996.11.15"]
[SourceQuality "1"]

1. c4 e6 2. g3 d5 3. Bg2 c6 4. Nf3 Nf6 5. b3 (5. O-O $5 dxc4 6. a4 a5 7. Qc2
Qd5 8. Na3 Bxa3 9. bxa3 {/\ Bb2, Rac1~/=}) 5... a5 (5... Nbd7 $142) 6. O-O (6.
Na3 $5 Bd6 (6... Nbd7 7. Bb2 Bd6 (7... Be7 $32 8. O-O b6 9. cxd5 exd5 {/\Bb7=/}
) 8. O-O Qe7 9. Qc1 $5 O-O 10. d3 Nb8 $5 $10) 7. Bb2 Qe7 8. Qc1 O-O 9. O-O Na6
10. Ne5 Bd7 11. d4 Rfc8 12. c5 Bc7 13. Qg5 Qd8 14. Rac1 Nb4 15. Ra1 Be8 16. Qe3
b6 17. Rfd1 Qe7 18. f4 Rcb8 19. Rdc1 a4 20. Kh1 h6 $15 {Contin,D-Fernandes,AM/
Lisboa zt (11) 1993/0-1 (44)}) 6... a4 $6 7. bxa4 (7. Na3 Bd6 (7... Be7 8. Bb2
O-O 9. d4 b6 10. Ne5 Bb7 11. Qc1 axb3 (11... Na6 $5) 12. axb3 Na6 13. Rd1 Bd6 (
13... Qc8 14. Qe3 {/\ Rac1+/=}) 14. Bc3 Qe7 15. Qb2 Rfb8 $5 {/\ Nc7, c5=
Agdestein,S-Nogueiras,J/Biel izt 1993} (15... Nc7 16. b4 $1 $14 {/\} c5 $2 17.
bxc5 bxc5 18. Qxb7 cxd4 19. Nc6 Qd7 20. Ba5 $18)) 8. d4 $5 (8. Bb2 Qe7 9. Qc1
Nbd7 (9... O-O 10. Ne5 Nbd7 11. f4 axb3 12. axb3 Nc5 13. Qd1 Bd7 $10) 10. d3
O-O 11. Re1 axb3 12. axb3 Nc5 13. Qc2 Ncd7 $10) 8... axb3 9. axb3 b6 10. Bb2
Bb7 11. Nc2 Na6 12. Nd2 O-O 13. e4 dxe4 14. Nxe4 Nxe4 15. Bxe4 Qc7 16. Qh5 g6
17. Qe2 e5 18. Rae1 exd4 19. Nxd4 Rae8 20. Qf3 $16 {Gurevich,M-Bareev,E/
Groningen PCA 1993}) 7... Nbd7 (7... Qa5 8. cxd5 (8. Nc3 Bb4 9. Bb2 Nbd7 $10)
8... exd5 9. Nc3 Bb4 10. Bb2 Nbd7 11. Bh3 O-O 12. Nd4 Ne5 13. Bxc8 Rfxc8 14.
Rb1 Re8 15. Ba1 Nc4 16. Nc2 Bc5 17. d3 d4 18. Nd5 Nd2 19. Nc7 Nxb1 20. Nxe8
Rxe8 21. Qxb1 Qxa4 22. e3 dxe3 23. Nxe3 Qa7 {1/2-1/2 Ubilava,Elizbar-San
Segundo,Pablo/Ibercaja op SaragoÇa (05) 1994}) (7... dxc4 8. Qc2 Qa5 9. Qxc4
Qxa4 10. Qd3 Nbd7 11. Nc3 Qa5 12. Bb2 Be7 13. Ne4 O-O 14. Nxf6+ Bxf6 15. Bxf6
Nxf6 16. Rfb1 e5 17. Qc2 e4 18. Ne1 Re8 19. d3 e3 20. f4 Ra7 21. Nf3 Be6 22.
Rb2 Bd5 $10 {Geller,E-Bronstein,D/Moscow zt (04) 1964/1/2-1/2 (96)}) 8. Qc2
$146 (8. d4 Qa5 9. cxd5 exd5 10. Qd3 Be7 11. Nc3 O-O 12. Bd2 Bb4 13. a3 Bxc3
14. Bxc3 Qxa4 15. Nd2 b6 16. Rfe1 Ba6 17. Qb1 Rfe8 18. e4 dxe4 19. Nxe4 Nxe4
20. Rxe4 Bc4 $15 {Kostin,M-Lastin,A/Moscovo 1995}) (8. cxd5 cxd5 9. Nc3 Be7 10.
d4 O-O 11. Qb3 Nb6 12. Rb1 Nc4 13. Nd2 Na5 14. Qc2 Bd7 15. e4 dxe4 16. Ndxe4
Bc6 17. Rd1 Rc8 18. Nxf6+ Bxf6 19. Ba3 Bxg2 20. Kxg2 Re8 21. Bc5 Rc6 22. Qe4 b6
23. Bb4 Qa8 24. Qf3 Rc4 25. Ne4 Nc6 26. Nxf6+ gxf6 27. Bc3 Ne7 28. Be1 Qxf3+
29. Kxf3 Rxa4 30. Rxb6 Rxa2 31. Rdb1 Nd5 32. Rb8 Rxb8 33. Rxb8+ Kg7 34. Bb4
Nxb4 {1/2-1/2 Smyslov,V-Soppe,G/San Martin (02) 1993}) 8... Be7 $6 (8... dxc4
9. Bb2 Bc5 10. Ba3 O-O 11. Bxc5 Nxc5 $14) (8... Nb6 9. cxd5 Nbxd5 10. Nc3 $16 {
/+/=}) 9. d4 $1 O-O 10. Nc3 Qa5 $6 (10... dxc4 $5) 11. c5 b6 12. cxb6 Qxb6 (
12... Nxb6 $5) 13. Rb1 Qa7 14. Bd2 Ba6 15. Rfc1 Rfc8 16. Bf1 Bc4 17. a5 c5 18.
Na4 {[#]} Rab8 $2 (18... cxd4 $5 19. Nb6 Nxb6 20. axb6 Qb7) 19. dxc5 Bxc5 20.
Nxc5 Nxc5 21. Ne5 $16 {/+-} Rxb1 22. Qxb1 Nce4 23. Be1 h5 24. Qb6 {+-} Qd7 $4 (
24... Qa8) 25. Nxd7 1-0

[Event "GER-ch 71st"]
[Site "Altenkirchen"]
[Date "1999.11.20"]
[Round "9"]
[White "Hickl, Joerg"]
[Black "Dautov, Rustem"]
[Result "0-1"]
[WhiteElo "2552"]
[BlackElo "2597"]
[Annotator "Dautov,R"]
[PlyCount "84"]
[EventDate "1999.11.12"]
[EventType "swiss"]
[EventRounds "9"]
[EventCountry "GER"]
[SourceTitle "CBM 074"]
[Source "ChessBase"]
[SourceDate "2000.02.01"]
[SourceVersion "1"]
[SourceVersionDate "2000.02.01"]
[SourceQuality "1"]

1. Nf3 d5 2. g3 g6 3. Bg2 Bg7 4. c4 e6 5. O-O Ne7 6. Na3 $6 (6. d4) 6... O-O 7.
Rb1 c5 8. b3 (8. b4 cxb4 9. Rxb4 e5 10. d3 (10. cxd5 $2 Nxd5 11. Rb1 $2 e4 12.
Ne1 Nc3 $19) 10... Nbc6 11. Rb1 e4 12. Ne1 exd3 13. Nxd3 dxc4 14. Nxc4 Be6 15.
Ne3 Rb8 16. Qa4 Qd4 17. Qa3 $11 {Gabriel-Hickl/Altensteig 1995}) 8... Nbc6 9.
Nc2 e5 10. d3 h6 (10... b6 $5) 11. Nd2 (11. e4 dxe4 12. dxe4 Be6 $15) 11... Be6
$15 {Die Spannung im Zentrum aufrechtzuerhalten ist die beste Strategie gegen
die weiße Flankenstrategie.} 12. Ba3 dxc4 $1 {Der rechtzeitige Abtausch.} ({
Das automatische} 12... b6 $2 {läßt Weiß die Früchte seiner Strategie ernten:}
13. b4 dxc4 (13... cxb4 14. Nxb4 Nxb4 15. Bxb4 Re8 16. Qa4 $14) 14. dxc4 $1
cxb4 15. Nxb4 Nxb4 16. Bxa8 Qxa8 17. Bxb4 Bh3 18. e4 Bxf1 19. Bxe7 Re8 20. Nxf1
Rxe7 21. Qd3 $11 {/\Ne3-d5}) 13. Nxc4 {Die anderen Schlagmöglichkeiten waren
noch weniger attraktiv.} (13. bxc4 b6 $15 {mit dem weiteren f7-f5. Schwarz hat
das Zentrum unter Kontrolle und kann auf dem Königsflügel vorgehen.}) (13. dxc4
Qa5 14. Ne4 Rad8 15. Qe1 Qxe1 16. Rfxe1 b6 $15) 13... b6 14. Bb2 {An 14.b4
hätte Weiß wenig Freude:} (14. b4 $2 b5 15. Na5 (15. N4e3 Bxa2 16. Rb2 Be6 17.
bxc5 Rb8 $17) 15... Nxa5 16. bxa5 b4 17. Bxa8 Qxa8 18. Bb2 Bh3 19. f3 (19. Ne3
$4 Nf5 $19) 19... Bxf1 20. Kxf1 Nc6 $17) 14... Qd7 15. a3 Rad8 16. Qc1 {
In Frage kam ein Bauernopfer:} (16. b4 $5 Bxc4 (16... b5 $5 17. N4e3 cxb4 18.
Nxb4 Nd4 $15) 17. dxc4 Qe6 18. Qe1 Qxc4 19. Ne3 Qa6 20. bxc5 Nd4 (20... bxc5
21. Qc3 $44) 21. cxb6 Nxe2+ 22. Kh1 axb6 $15 {Dank seines Läuferpaares hat
Weiß Kompensation für den Bauern.}) 16... f5 (16... Bh3 $1 $15 {ist genauer.})
17. f4 $1 Nd4 (17... exf4 $5 18. Bxg7 Kxg7 19. gxf4 Bd5 $15) 18. Nxd4 exd4 {
><e3} 19. e4 $2 {Es liegt auf der Hand, daß Weiß seinen rückständigen e-Bauern
ziehen muß bevor der schwarze Springer auf e3 erscheint. Richtig war jedoch 19.
e3} (19. e3 $1 Kh7 (19... Nc6 $2 20. Bxc6 Qxc6 21. exd4 Bxd4+ 22. Bxd4 Rxd4 23.
Ne5 $132) 20. Re1 (20. Ne5 $2 Bxe5 21. fxe5 dxe3 $17) (20. exd4 Bxd4+ 21. Bxd4
Qxd4+ 22. Kh1 Bd5 $15) 20... Rfe8 $15) 19... fxe4 $1 (19... dxe3 $2 20. Bxg7
Kxg7 21. Qxe3 Qd4 (21... Nc6 22. Bxc6 Qxc6 23. Ne5 Qd5 24. b4 $11) 22. Rfe1
$132) 20. Bxe4 (20. dxe4 $2 b5 21. Ne5 (21. Nd2 c4 22. bxc4 bxc4 $17) 21... Qd6
$17) 20... Bf5 $17 {Die Bauernstruktur hat sich stabilisiert, was die
Hauptaufgabe von Schwarz, die Überführung des Springers auf e3, wesentlich
erleichtert.} 21. Re1 Nd5 22. Bxf5 $2 (22. Qd2 $142) 22... Rxf5 23. Qd2 g5 $1 {
Die Öffnung der f-Linie ermöglicht Schwarz den Angriff auf den gegnerischen
König, außerdem erhält Schwarz die Kontrolle über das wichtige zentrale Feld
e5.} 24. fxg5 hxg5 {/\Rdf8, b5, Ne3.} 25. b4 {Ein naheliegender Versuch, sich
etwas Gegenspiel zu verschaffen. Die passive Verteidigung versprach nicht viel.
} (25. Rf1 Rxf1+ 26. Rxf1 b5 27. Na5 Ne3 28. Rf2 Re8 $17 {führt zu einer
Stellung mit hoffnungslos schlecht stehenden weißen Figuren.}) (25. a4 Rdf8 $17
{nebst a7-a6 und b5.}) 25... b5 26. Na5 cxb4 (26... Ne3 $2 27. bxc5 Rxc5 28.
Rbc1 Rdc8 29. Rxc5 Rxc5 30. Rc1 Qf7 31. Qe2 $13) 27. axb4 Rdf8 $19 28. Rf1 ({
Oder} 28. Nb3 Ne3 $1 29. Nc5 (29. Bxd4 Bxd4 30. Nxd4 Qxd4 31. Rxe3 (31. Qxe3
Rf1+ $19) 31... Re5 32. Rbe1 Rf3 $19) 29... Qf7 30. Ne4 Rf1+ {mit Matt.}) 28...
Ne3 29. Rxf5 Qxf5 30. Qe2 {Es sieht so aus, als hätte Weiß gute Chancen,
ungeschoren davon zu kommen, denn obwohl die schwarzen Figuren optimal stehen,
fehlt ihnen die Kraft zum entscheidenden Schlag. Aber...} g4 $1 {zum Glück
gibt es noch Bauern! Und dieser eine macht eine blitzartige Karriere. Gegen
die Drohung Qf3 mit dem Übergang in ein gewonnenes Endspiel ist kein Kraut
gewachsen.} 31. Nb3 Qf3 32. Qxf3 {Erzwungen.} gxf3 33. Kf2 Ng4+ 34. Kf1 Nxh2+
35. Kf2 Ng4+ 36. Kf1 Ne3+ 37. Kf2 Ng4+ 38. Kf1 f2 39. Ke2 Re8+ 40. Kf1 Rf8 41.
Ke2 Re8+ 42. Kf1 Be5 (42... Be5 43. Bxd4 (43. Kg2 Bxg3 44. Kxg3 Re1 $19) 43...
Bxd4 44. Nxd4 Rf8 $19) 0-1

[Event "BL2-West 9899"]
[Site "Germany"]
[Date "1999.02.21"]
[Round "6.3"]
[White "Rotstein, Arkadij"]
[Black "Dautov, Rustem"]
[Result "1/2-1/2"]
[WhiteElo "2485"]
[BlackElo "2625"]
[Annotator "Dautov,R"]
[PlyCount "67"]
[EventDate "1998.10.??"]
[EventType "team-tourn"]
[EventRounds "9"]
[EventCountry "GER"]
[SourceTitle "CBM 069"]
[Source "ChessBase"]
[SourceDate "1999.04.01"]
[SourceVersion "1"]
[SourceVersionDate "1999.04.01"]
[SourceQuality "1"]
[WhiteTeam "Porz II"]
[BlackTeam "Godesberg"]
[WhiteTeamCountry "GER"]
[BlackTeamCountry "GER"]

1. Nf3 Nf6 2. c4 e6 3. g3 d5 4. Bg2 dxc4 5. Qa4+ c6 6. Qxc4 b5 7. Qc2 Bb7 8. a4
a6 (8... Na6 $142 $1 9. O-O Nb4 10. Qd1 a6 11. Nc3 Be7 12. d3 O-O 13. Bd2 Qb6
14. Ng5 c5 $11 {Chernin,A-Razuvaev,Y/Tilburg 1994}) 9. O-O Nbd7 10. d4 {
Weiß bevorzugt die katalanische Bauernstruktur. In dieser Variante sieht man
öfter den bescheidenen, aber giftigen Aufbau mit d3.} (10. Nc3 Be7 11. d3 O-O
12. Be3 Qb8 (12... Rc8 $5) 13. Rfc1 Rc8 14. Qb3 h6 15. Bf4 Bd6 16. Bxd6 Qxd6
17. Nd2 $14 {Kveinys,A-Jackelen,T/Bonn 1995}) 10... Be7 (10... c5 $5 {kam in
Frage.}) 11. Rd1 O-O 12. Bg5 (12. Ne5 $6 {wäre verfrüht:} Nxe5 13. dxe5 Nd5 $1
14. e4 Nb4 15. Qe2 Qc7 16. Bf4 Rad8 $15) 12... Rc8 (12... h6 {war der andere
Weg zum Ausgleich.} 13. Bxf6 Nxf6 14. Ne5 Rc8 15. Nc3 {Schwarz sollte c6-c5
anstreben. Wohin nun mit seiner Dame?} (15. axb5 cxb5 16. Qb3 Bxg2 17. Kxg2 Qb6
$11) 15... Qc7 $1 {ist korrekt. Weiß kann den Hebel c6-c5 nicht vernünftig
verhindern.} (15... Qb6 $2 {wäre falsch:} 16. Ne4 $1 Rfd8 (16... Nxe4 17. Bxe4
Rfd8 {führt zu einem plötzlichen und heftigen weißen Angriff:} 18. Bh7+ Kf8 19.
Bg6 $1 f6 (19... c5 20. Bxf7 cxd4 21. Qg6 Bf6 22. Ng4 Qc6 23. f3 $16) 20. Qb3
$1 c5 (20... Rd6 $4 21. Nd7+ Rxd7 22. Qxe6 $18) 21. dxc5 Bxc5 22. Nd7+ $16) 17.
Nc5 Rxd4 $1 {Wer möchte schon mit dem zugemauerten Läufer b7 spielen?} (17...
Bxc5 18. dxc5 $16) 18. Rxd4 Bxc5 19. Nd7 $1 (19. Rf4 $2 Bd6) 19... Nxd7 20.
Rxd7 Bxf2+ 21. Kh1 $14 {Trotz des gleichen Materials muß Schwarz sehr
aufpassen.}) 16. Rac1 c5 $11) 13. Ne5 Nxe5 14. Bxf6 $1 Nf3+ $1 {Nur so! Die
Alternativen sind nicht verlockend:} (14... Nd7 15. Bxe7 Qxe7 16. Nd2 $16 {
/\Nb3}) (14... Nc4 15. axb5 $1 axb5 (15... Bxf6 $2 16. bxa6 $18) 16. Bxe7 Qxe7
17. b3 Nb6 18. Qc5 $16) 15. Bxf3 Bxf6 16. Nc3 Qb6 $11 {Schwarz hat
ausgeglichen.} 17. Ne4 $5 {Ein Versuch, das Spiel zu komplizieren.} (17. e3 c5
$11) 17... Bxd4 18. a5 $2 {Weiß überschätzt seine Stellung. Es war noch nicht
zu spät, Remis zu erzwingen:} (18. e3 Be5 19. Nc5 Rfd8 20. Rxd8+ Rxd8 21. Nxb7
Qxb7 22. Bxc6 $11) 18... Qa7 19. e3 Be5 20. Rd7 Rc7 $1 {Dank diesem einzigen
Zug kann die weiße Initiative gestoppt werden.} (20... Rcd8 $2 21. Nc5 Bd6 22.
Rd1 $18) 21. Rad1 (21. Nc5 Bc8 $17) 21... c5 $17 22. Ng5 (22. Rd8 h6 23. Rxf8+
Kxf8 $17) 22... g6 23. Rxc7 Bxc7 24. Bxb7 Qxb7 25. Qxc5 {/\Nh7} Rd8 $1 26.
Rxd8+ Bxd8 27. b4 $138 {Weiß konnte den Bauern zurückerobern, aber seine
Figuren sind schlecht koordiniert. Mittels 27..Be7 könnte Schwarz einen Bauern
und damit die Partie gewinnen. Statt dessen geschah:} Qd5 $2 (27... Be7 $1 28.
Qb6 (28. Qe5 Bxb4 29. Ne4 Be7 $19) 28... Qc8 $19 (28... Qa8 $19)) 28. Qc8 $3 {
Dieses überraschende Figurenopfer rettet den Anziehenden.} (28. Qxd5 exd5 29.
Nf3 Be7 30. Nd4 Bxb4 31. Nc6 Bd6 $19) 28... Qxg5 29. Qxa6 Qd5 {
Erstaunlicherweise kann Schwarz das Vorrücken des weißen Freibauern nicht
aufhalten.} (29... Be7 30. Qc8+ Kg7 31. a6 $11) 30. Qc8 Kg7 31. a6 Bb6 32. Qb8
Qd1+ (32... Bxe3 {brachte auch keinen Gewinn:} 33. fxe3 Qd1+ 34. Kg2 Qe2+ 35.
Kg1 (35. Kh3 Qf1+ 36. Kh4 h6 $40) 35... Qxe3+ 36. Kg2 Qd2+ 37. Kh3 $1 $11 (37.
Kg1 $4 Qc1+ 38. Kf2 Qb2+ $19)) 33. Kg2 Qd5+ 34. Kg1 1/2-1/2

[Event "Olympiad-31"]
[Site "Moscow"]
[Date "1994.12.11"]
[Round "10.1"]
[White "Azmaiparashvili, Zurab"]
[Black "Zvjaginsev, Vadim"]
[Result "1-0"]
[WhiteElo "2625"]
[BlackElo "2585"]
[Annotator "Dolmatov,S"]
[PlyCount "73"]
[EventDate "1994.12.01"]
[EventType "team-swiss"]
[EventRounds "14"]
[EventCountry "RUS"]
[SourceTitle "CBM 045"]
[Source "ChessBase"]
[SourceDate "1995.04.01"]
[SourceVersion "1"]
[SourceVersionDate "1995.04.01"]
[SourceQuality "1"]
[WhiteTeam "Georgia"]
[BlackTeam "Russia II"]
[WhiteTeamCountry "GEO"]
[BlackTeamCountry "RUS"]

1. c4 {Ribli} e6 2. Nf3 Nf6 3. g3 d5 4. Bg2 Nc6 (4... c6 $5 5. Qc2 (5. b3 b5 6.
Bb2 Ba6 7. cxd5 cxd5 8. O-O Be7 9. d3 O-O 10. Nbd2 Nc6 $10)) 5. b3 (5. d4 $6
dxc4 $15) (5. O-O {Ribli} d4 6. d3 Be7 7. Na3 O-O 8. Rb1 a5 9. Nc2 e5 $13 {
Pekarek,A-Razuvaev,Y/Prague Chip/1992/CBM27/}) 5... d4 $6 6. O-O Be7 (6... e5 {
Ribli} 7. d3 Be7 (7... a5 $5) 8. b4 Nxb4 9. Nxe5 O-O 10. Nd2 Bd6 11. a3 Na6 12.
Nef3 c5 13. Rb1 Re8 14. Ng5 $36 {Danielsen,H-Fries Nielsen,N/Espergarde/1992/
CBM33/}) 7. e3 e5 8. exd4 $5 (8. Bb2 O-O (8... Bg4 9. h3 Bh5 $132) 9. exd4 exd4
) 8... e4 (8... exd4 9. d3 O-O 10. Na3 Bc5 11. Nc2 a5 12. a3 Bf5 13. Rb1 $14)
9. Ne5 (9. Ng5 $6 {Ribli} Bg4 10. Qe1 Nxd4 $36) 9... Nxd4 (9... Qxd4 $6 10.
Nxc6 Qxa1 11. Nc3 (11. Nxe7 Qxb1 12. Nxc8 Rxc8 $15) 11... bxc6 12. Qc2 Bf5 13.
Bb2 $14 (13. Bb2 {Ribli} Qxf1+ 14. Kxf1 O-O 15. Nxe4 $14)) 10. Bb2 O-O $6 (
10... Qd6 11. f4 exf3 12. Nxf3 Nxf3+ 13. Qxf3 O-O 14. d4 c6 15. Nd2 Bg4 16. Qf2
$14) 11. d3 exd3 12. Qxd3 Ne6 13. Nc3 c6 $14 14. Rfe1 Bc5 $2 (14... Qxd3 $32
15. Nxd3 Rd8 16. Rad1 Bd7 $14) 15. Rad1 $6 (15. Qf1 $5 $16) 15... Qxd3 (15...
Qa5 $6 16. a3 $16) (15... Qb6 $2 {Ribli} 16. Na4 Bxf2+ 17. Kf1 $18) 16. Rxd3 (
16. Nxd3 Bd4 17. Nf4 Bxc3 18. Bxc3 Nxf4 19. gxf4 Be6 $10) 16... Nc7 (16... Bd4
17. Nf3 Bb6 18. Na4 $14) 17. Na4 Bb4 18. Bc3 (18. Red1 Bf5) 18... Ba3 (18...
Bxc3 19. Rxc3 Na6 20. a3 (20. Nd3 $14 {Ribli}) 20... Be6 21. b4 Rac8 $14) 19.
b4 Na6 20. b5 (20. Rb1 $2 Bf5 $17) (20. Nxc6 {Ribli} bxc6 21. Bxf6 Bxb4 22. Bc3
Bf5 23. Rd2 $14) 20... cxb5 21. cxb5 Nb4 (21... Nc5 22. Nxc5 Bxc5 23. Bd4 $16)
22. Rd2 Be6 (22... Re8 {Ribli} 23. Rb1 $16) 23. Bb2 $1 (23. Bxb7 $2 Rab8 $132)
23... Bxb2 24. Rxb2 Nbd5 (24... Nxa2 25. Nc5 Nc3 26. Nxe6 fxe6 27. Bxb7 Rab8
28. Bc6 $16) 25. Nc5 Rae8 (25... b6 26. Nxe6 fxe6 27. Nc6 Kf7 28. Bh3 Rfe8 29.
Rbe2 $16) (25... Bc8 {Ribli} 26. Rd1 $16) 26. Nxb7 Nc3 27. Nc6 Nfd5 (27... Bc4
{Ribli} 28. Ne7+ Kh8 29. Nd6 $18) (27... Nxa2 {Ribli} 28. Nd6 $18) (27... Bxa2
{Ribli} 28. Ne7+ Kh8 29. Bc6 Rb8 30. Rc1 $18) 28. Nd6 Ra8 29. f4 $1 g6 30. Re5
Kh8 (30... h5 31. Bxd5 Nxd5 32. a4 $18) 31. Rd2 Nb6 32. Nd4 Bd5 33. Bxd5 Ncxd5
34. Nc6 a6 35. a4 Nf6 (35... axb5 36. a5 $18) 36. a5 Nbd7 37. b6 1-0

[Event "Sitges Sunway op 4th"]
[Site "Sitges"]
[Date "2017.12.16"]
[Round "2"]
[White "Edouard, Romain"]
[Black "Trepat Herranz, Joan"]
[Result "1-0"]
[WhiteElo "2621"]
[BlackElo "2376"]
[Annotator "Edouard,R"]
[PlyCount "75"]
[EventDate "2017.12.15"]
[EventType "swiss"]
[EventRounds "9"]
[EventCountry "ESP"]
[SourceTitle "CBM 182"]
[Source "ChessBase"]
[SourceDate "2018.01.17"]
[SourceVersion "1"]
[SourceVersionDate "2018.01.17"]
[SourceQuality "1"]

1. c4 Nf6 2. Nf3 e6 3. g3 d5 4. Bg2 d4 5. O-O c5 6. e3 Nc6 7. exd4 cxd4 (7...
Nxd4 $6 {is not a good exchange for Black:} 8. Nxd4 Qxd4 (8... cxd4 9. d3 Bd6
10. b4 $1 $14) 9. d3 Be7 10. Nc3 O-O 11. Be3 Qd6 12. Qe2 e5 13. h3 Be6 14. Rfe1
$14 {1-0 (32) Aronian,L (2792)-Shirov,A (2684) SUI 2016}) 8. d3 Bd6 {The
critical move, and most popular one lately.} (8... Be7 9. Na3 $5 ({I had
myself played} 9. Re1 O-O 10. Ne5 Nxe5 11. Rxe5 {but here afte} Qc7 $1 $146 {
followed by ...e5, Black looks fine.}) 9... O-O 10. Re1 Re8 (10... Nd7 11. Nc2
e5 12. b4 $1 $14 {1-0 (48) Michalik,P (2570)-Cyborowski,L (2530) Germany 2015})
11. Bf4 Bb4 12. Re2 {[#] The rook is slightly akward here, but White managed
to prevent ...e5.} Nh5 13. Bg5 $1 Be7 14. Bxe7 Qxe7 15. Qd2 Rd8 16. Nc2 a5 17.
Ne5 $14 {1-0 (46) Wang,H (2737)-Xu Yinglun,- (2331) China 2013}) (8... h6 9.
Bf4 (9. Bd2 $5 $146 {is a smart novelty, proposed by Adrien Demuth in his
book! Black wants to provoke ...a5 and go Na3-Nb5.}) 9... Bd6 10. Bxd6 Qxd6 11.
a3 a5 12. Nbd2 O-O 13. Qc2 a4 14. c5 Qc7 15. Rfe1 $36 {1-0 (69) Fressinet,L 
(2709)-Parligras,M (2572) Yerevan 2014}) 9. Bg5 {A good exchange for White. In
the regular Benoni, Black is also always happy with ...Bg4, ...Bxf3. Here the
position we have is no more no less than an improved reversed Benoni!} h6 10.
Bxf6 Qxf6 11. Nbd2 Qe7 (11... Qd8 12. a3 a5 13. Rc1 $1 {A nice idea by MVL.}
O-O 14. c5 Be7 15. Re1 {Maxime prefered} (15. Qa4 $5 $146 {/\ xb4} Rb8 16. Nc4
$1 Bxc5 17. Nxa5 Nxa5 18. Rxc5 Bd7 $1 19. Qd1 Nc6 20. b4 $14 {is given by
Adrien Demuth in his book}) 15... Bd7 16. Ne4 Qc7 17. Nfd2 $36 {1-0 (40)
Vachier Lagrave,M (2811)-Antic,D (2455) Novi Sad SRB 2016}) (11... O-O $6 12.
Ne4 Qe7 13. Nxd6 Qxd6 14. Re1 $1 e5 $6 15. b4 $1 Bg4 16. c5 Qf6 17. b5 $16 {
1-0 (63) Mkrtchian,L (2449)-Tscharotschkin,M (2144) Caleta ENG 2015}) 12. a3 a5
13. Ne4 Bc7 {This is all critical, and White has a choice between several
moves. During that game, I was trying to recall my knowledge, but couldn't. So
I improvised!} 14. c5 {Not a bad move, but not such a convincing try neither.}
(14. b4 $5 {is definitely a critical move, although lately Nakamura made an
easy draw with Black there:} axb4 (14... f5 $2 15. Nh4 $1 {is problematic.})
15. axb4 Rxa1 16. Qxa1 Qxb4 (16... f5 17. Nc5 Nxb4 $5 18. Qa4+ Kf7 $1 19. Qxb4
Bd6 20. Qe1 Bxc5 21. Ne5+ Kf6 22. f4 $1 h5 23. h3 {1-0 (39) Mesaros,F (2390)
-Bluebaum,M (2589) Karpacz 2015, with the idea g4 looked very dangerous for
Black.}) (16... Nxb4 $6 $146 17. Qa4+ $1 Bd7 18. Qa8+ Qd8 19. Qxb7 Nxd3 $6 20.
Ra1 $138) 17. Rb1 Qe7 18. Nxd4 Nxd4 19. Qxd4 O-O 20. Qc5 $5 ({A better try
than the following top level game:} 20. Nc3 Rd8 21. Qe3 Ba5 22. Nb5 b6 23. d4
Ba6 24. d5 Qf6 $11 {1/2-1/2 (30) Nakamura,H (2792)-Fedoseev,V (2731) Tbilisi
GEO 2017}) 20... Qd7 21. Qe3 b6 22. d4 Rd8 23. c5 bxc5 24. dxc5 $36 {1-0 (57)
Gual Pascual,A (2416)-Raghunandan,K (2403) Spain 2016}) 14... f5 $5 ({Nor was
there anything wrong with} 14... O-O 15. Nfd2 (15. Rc1 Bd7 $13) 15... f5 16.
Nd6 Bxd6 17. cxd6 Qxd6 18. Nc4 Qc7 19. f4 Bd7 {and White has compensation, but
he is not better.}) 15. Nh4 (15. Ned2 {might be critical, but Black seems fine:
} O-O (15... Qxc5 16. Rc1 {and now White definitely has the initiative, since}
Qb5 $4 {is met by} 17. Nxd4 $18) 16. Qa4 (16. Rc1 a4 $13) 16... Qxc5 17. b4 b5
$13) 15... O-O $1 16. Nd2 (16. Ng6 $6 Qf7 17. Nxf8 fxe4 18. Nxe6 Bxe6 19. Bxe4
Bh3 {looked good for Black to me, and this is probably a correct assessment.})
16... Qxc5 ({Refusing to take the pawn was also fine:} 16... Kh7 17. Rc1 a4 $13
) 17. Rc1 Qb5 {I had totally missed that simple move! Now, despite some
compensations, White is definitely on the inferior side.} ({The funniest is
that after} 17... Qd6 18. Qa4 Bd7 19. Nc4 $6 {I had also missed that Black
could simply play} Qc5 $15) 18. Nc4 Bd7 19. Re1 Rae8 20. f4 a4 21. Qf3 Kh7 22.
Qh5 Rf6 23. Nf3 Re7 ({After the logical} 23... e5 {Black is just better. My
idea was to play the spectacular} 24. g4 {but the engine just laughs:} Kg8 $1
$19 {(/\ x...e4)} ({of course not} 24... e4 $2 {falling into the only trap} 25.
Ng5+ Kg8 26. Nxe4 $36) (24... fxg4 25. Nfxe5 Kg8 26. b3 $1 {would now be quite
unclear, at least in practice})) 24. Qh4 e5 25. fxe5 Nxe5 26. Nxd4 $2 ({
Of course} 26. Nfxe5 {was required, but then I would have no chances to win
the game:} Bxe5 27. Nxe5 Rxe5 28. Qxd4 Rxe1+ 29. Rxe1 Qb6 $11) 26... Qa6 27.
Kh1 $5 (27. Nc2 {was another idea but after} Rfe6 {White is in big trouble.})
27... Ng6 $6 {After any simple move keeping the tension and protecting the
e7-rook, Black would have a big advantage.} (27... Bd6 $5) (27... Re8 $5) (
27... Rff7 $5) 28. Qh5 Rxe1+ $2 {The last two moves were the reaction I was
hoping for.} ({Black misses his last chance for a clear advantage with} 28...
b5 $1 29. Ne3 Ba5 30. Re2 Rxe3 31. Rxe3 Bd2 $17) 29. Rxe1 b5 (29... Rf8 $5 $15)
30. Ne3 Ba5 $2 {In time trouble, my opponent started to make one mistake after
another.} (30... Ne7 $1 {with the idea} 31. Ng4 $4 fxg4 32. Rxe7 Qd6 $19) 31.
Rf1 Qd6 $2 (31... Ne7 $1 32. Ndxf5 Nxf5 33. Nxf5 b4 34. Be4 Bc6 $44) 32. Nd5
Rf8 33. Nxf5 Bxf5 $6 (33... Qe5 34. Be4 $18) 34. Rxf5 Qe6 35. Be4 Rxf5 36. Qxf5
Qxf5 37. Bxf5 Bd2 38. Ne7 {A lucky win!} 1-0